书目信息 |
| 题名: |
光固化增材制造技术
|
|
| 作者: | 李涤尘 , 曹毅 , 连芩 , 卢秉恒 著 | |
| 分册: | ||
| 出版信息: | 北京 国防工业出版社 2021.11 |
|
| 页数: | XI, 206页 | |
| 开本: | 24cm | |
| 丛书名: | 增材制造技术丛书 | |
| 单 册: | ||
| 中图分类: | TQ637.83 | |
| 科图分类: | ||
| 主题词: | 光固化涂料--guang gu hua tu liao | |
| 电子资源: | ||
| ISBN: | 978-7-118-12408-8 | |
| 000 | 01764nam 2200325 450 | |
| 001 | 25617 | |
| 005 | 20220919122410.10 | |
| 010 | @a978-7-118-12408-8@b精装@dCNY102.00 | |
| 100 | @a20220301d2021 em y0chiy50 ea | |
| 101 | 0 | @achi |
| 102 | @aCN@b110000 | |
| 105 | @aak a 000yy | |
| 200 | 1 | @a光固化增材制造技术@Aguang gu hua zeng cai zhi zao ji shu@d= Stereo lithography@f李涤尘 ... [等] 著@zeng |
| 210 | @a北京@c国防工业出版社@d2021.11 | |
| 215 | @aXI, 206页@c图 (部分彩图)@d24cm | |
| 225 | 2 | @a增材制造技术丛书@Azeng cai zhi zao ji shu cong shu@i工艺篇 |
| 300 | @a国家出版基金项目 “十三五”国家重点出版项目物出版规划项目 | |
| 304 | @a题名页题其余责任者: 曹毅, 连芩, 卢秉恒 | |
| 320 | @a有书目 (第200-206页) | |
| 330 | @a在20世纪80年代就已经发展起来光固化增材制造技术, 是最早商业化的增材制造技术, 也是目前最广为人知的增材制造技术之一, 被广泛应用于制造业、材料科学与工程、工艺品、医学等领域。该技术集成了机械工程、计算机辅助设计及制造技术 (CAD/CAM) 、新型材料科学技术、激光技术、计算机数字控制 (CNC) 、检测技术及精密伺服驱动等技术, 其核心是一种依靠逐层累加方式成型的工艺方法。为了更好地服务于广大研究人员和技术人员对该技术的理解和应用, 本书以光固化增材制造成型工艺原理为主线, 重点介绍光固化增材制造技术的发展历程、主要分类、设备体系、光敏特性对制造精度和效率的影响规律以及智能工艺和后处理方法, 并展示目前在生物医疗、航空航天、汽车、模具等领域的应用案例与发展趋势。 | |
| 410 | 0 | @12001 @a增材制造技术丛书@i工艺篇 |
| 510 | 1 | @aStereo lithography@zeng |
| 606 | 0 | @a光固化涂料@Aguang gu hua tu liao |
| 690 | @aTQ637.83@v5 | |
| 701 | 0 | @a李涤尘@Ali di chen@4著 |
| 701 | 0 | @a曹毅@Acao yi@4著 |
| 701 | 0 | @a连芩@Alian qin@4著 |
| 701 | 0 | @a卢秉恒@Alu bing heng@4著 |
| 801 | 0 | @aCN@c20220910 |
| 905 | @a河南城建学院图书馆@dTQ637.83@eL140@f1 | |
| 光固化增材制造技术= Stereo lithography/李涤尘 ... [等] 著.-北京:国防工业出版社,2021.11 |
| XI, 206页:图 (部分彩图);24cm.-(增材制造技术丛书.工艺篇) |
| 国家出版基金项目 “十三五”国家重点出版项目物出版规划项目 |
| ISBN 978-7-118-12408-8(精装):CNY102.00 |
| 在20世纪80年代就已经发展起来光固化增材制造技术, 是最早商业化的增材制造技术, 也是目前最广为人知的增材制造技术之一, 被广泛应用于制造业、材料科学与工程、工艺品、医学等领域。该技术集成了机械工程、计算机辅助设计及制造技术 (CAD/CAM) 、新型材料科学技术、激光技术、计算机数字控制 (CNC) 、检测技术及精密伺服驱动等技术, 其核心是一种依靠逐层累加方式成型的工艺方法。为了更好地服务于广大研究人员和技术人员对该技术的理解和应用, 本书以光固化增材制造成型工艺原理为主线, 重点介绍光固化增材制造技术的发展历程、主要分类、设备体系、光敏特性对制造精度和效率的影响规律以及智能工艺和后处理方法, 并展示目前在生物医疗、航空航天、汽车、模具等领域的应用案例与发展趋势。 |
| ● |
| 相关链接 |
|
|
|
正题名:光固化增材制造技术
索取号:TQ637.83/L140
 
预约/预借
| 序号 | 登录号 | 条形码 | 馆藏地/架位号 | 状态 | 备注 |
| 1 | 1576459 | 215764590 | 自科库501/501自科库 40排5列2层/ [索取号:TQ637.83/L140] | 在馆 |